"Officina" Pavese : carte, libri, nuovi studi : atti della giornata di studio (Torino, Archivio di Stato, 14 aprile 2010) /

Bibliographic Details
Other Authors: Masoero, Mariarosa, Savioli, Silvia
Format: Book
Language:Italian
Published: Alessandria : Edizioni dell'Orso, [2012]
Series:Libri di "Levia Gravia" ; 9.
Subjects:

MARC

Tag First Indicator Second Indicator Subfields
LEADER 00000cam a2200000 a 4500
001 in00002772425
005 20150922110901.0
008 120528s2012 it ah b 100 0 ita d
020 |a 9788862743488 (pbk.) 
020 |a 8862743483 (pbk.) 
035 |a (OCoLC)ocn794362321 
040 |a C3L  |c C3L  |d SYB  |d TXA  |d UtOrBLW 
043 |a e-it--- 
049 |a TXAM 
082 0 |a 851  |2 21 
090 |a PQ4835.A846  |b O34 2012 
245 0 0 |a "Officina" Pavese :  |b carte, libri, nuovi studi : atti della giornata di studio (Torino, Archivio di Stato, 14 aprile 2010) /  |c a cura di Mariarosa Masoero e Silvia Savioli. 
264 1 |a Alessandria :  |b Edizioni dell'Orso,  |c [2012] 
264 4 |c ©2012 
300 |a vii, 177 pages :  |b illustrations, facsimiles ;  |c 24 cm. 
336 |a text  |b txt  |2 rdacontent 
337 |a unmediated  |b n  |2 rdamedia 
338 |a volume  |b nc  |2 rdacarrier 
490 1 |a I libri di "Levia gravia" ;  |v 9 
504 |a Includes bibliographical references. 
600 1 0 |a Pavese, Cesare  |v Congresses. 
700 1 |a Masoero, Mariarosa. 
700 1 |a Savioli, Silvia. 
830 0 |a Libri di "Levia Gravia" ;  |v 9. 
948 |a cataloged  |b h  |c 2012/8/13  |d c  |e dmitchel  |f 11:20:10 am 
994 |a C0  |b TXA 
999 |a MARS 
999 f f |s 85cedfdc-7dee-319b-806a-f7c0aea7f38d  |i f24b7d65-62e5-376d-8983-3c2d1f15ed67  |t 0 
952 f f |p normal  |a Texas A&M University  |b College Station  |c Sterling C. Evans Library  |d Evans: Library Stacks  |t 0  |e PQ4835.A846 O34 2012  |h Library of Congress classification  |i unmediated -- volume  |m A14841309240 
998 f f |a PQ4835.A846 O34 2012  |t 0  |l Evans: Library Stacks